Statistics for General knowledge quiz for the boys

Click here to take the quiz!

General Stats

  • This quiz has been taken 35 times
  • The average score is 6 of 15

Answer Stats

QuestionAnswer% Correct
By population, what is the biggest country in AfricaNigeria
76%
What is the Capital of UruguayMontevideo
69%
13x17=221
62%
Who invented the production lineHenry Ford
55%
Name of the Japanese cities bombed by AmericaNagasaki and hiroshima
55%
What is the most popular variant of pokerTexas Holdem
52%
In which game would you find a Mrs. PeacockCluedo
48%
What is Usain Bolt's world record time9.58
38%
How old is the earth4.5 billion
24%
Katarina Johnson-Thompson is world champion in which sportHeptathlon
21%
In which Call of Duty map would you find a crashed helicopterCrash
14%
EFL Championship winner in 2014Leicester
14%
In which country does rum originate fromBarbados
10%
Who claims to have beaten Ronaldo's record of most goals in club footballBican
10%
For which club did Brad Guzan join after he left VillaMiddlesborough
7%

Score Distribution

Percentile by Number Answered

Percent of People with Each Score

Your Score History

You have not taken this quiz